| 000 -LEADER |
| fixed length control field |
01518nam a22002177a 4500 |
| 020 ## - INTERNATIONAL STANDARD BOOK NUMBER |
| ISBN |
9786214481408 |
| 082 ## - DEWEY DECIMAL CLASSIFICATION NUMBER |
| Classification number |
959.9032 |
| Item number |
C4698 2021 |
| 100 ## - MAIN ENTRY--AUTHOR NAME |
| Personal name |
Charbonneau, Oliver, 1984- author. |
| 245 ## - TITLE STATEMENT |
| Title |
Civilizational imperatives : Americans, Moros, and the colonial world / Oliver Charbonneau. |
| 260 ## - PUBLICATION, DISTRIBUTION, ETC. (IMPRINT) |
| Place of publication |
Quezon City : |
| Name of publisher |
Ateneo de Manila University Press, |
| Year of publication |
2021. |
| 300 ## - PHYSICAL DESCRIPTION |
| Number of Pages |
xx, 282 pages : |
| Other physical details |
illustrations ; 23 cm. |
| 500 ## - GENERAL NOTE |
| General note |
Includes bibliographical references and index. |
| 505 ## - FORMATTED CONTENTS NOTE |
| Formatted contents note |
Other frontiers -- Imagining the Moro: racial and spatial fantasies in Mindanao-Sulu -- Courtrooms, clinics, and colonies: remaking the southern Philippines -- Civilizational imperatives: building colonial classrooms -- Corrective violence: on fear, massacre, and punishment -- Tropical idylls: maintaining colonial spaces and bodies -- Moros in America: visiting the metropole in fact and fiction -- Imperial interactivities: Mindanao-Sulu in a connected world -- Colonial remains. |
| 520 ## - SUMMARY, ETC. |
| Summary, etc |
"This book reveals the little-known story of how the United States colonized and governed Southeast Asian Muslim territories in the early twentieth century"-- Provided by publisher. |
| 650 ## - SUBJECT ADDED ENTRY--TOPICAL TERM |
| Topical Term |
Muslims -- Philippines -- History -- 20th century. |
| 650 ## - SUBJECT ADDED ENTRY--TOPICAL TERM |
| Topical Term |
Imperialism -- History -- 20th century. |
| 650 ## - SUBJECT ADDED ENTRY--TOPICAL TERM |
| Topical Term |
Philippines -- Colonization -- History -- 20th century. |
| 650 ## - SUBJECT ADDED ENTRY--TOPICAL TERM |
| Topical Term |
United States -- Foreign relations -- Philippines. |
| 650 ## - SUBJECT ADDED ENTRY--TOPICAL TERM |
| Topical Term |
Philippines -- Foreign relations -- United States. |
| 942 ## - ADDED ENTRY ELEMENTS (KOHA) |
| Koha item type |
Books |